ਉਲੰਘਣ / (Record no. 88096)
[ view plain ]
| 000 -LEADER | |
|---|---|
| fixed length control field | 00983nam a22002777a 4500 |
| 005 - DATE AND TIME OF LATEST TRANSACTION | |
| control field | 20180213141549.0 |
| 008 - FIXED-LENGTH DATA ELEMENTS--GENERAL INFORMATION | |
| fixed length control field | 090728t xxu||||| |||| 00| 0 pun d |
| 010 ## - LCCN (DPL NO) | |
| LC control number | PUN- B-577987-990 B-669950 |
| 020 ## - INTERNATIONAL STANDARD BOOK NUMBER | |
| Terms of availability | 140.00 |
| International Standard Book Number | 9788126042869 |
| 035 ## - SYSTEM CONTROL NUMBER | |
| System control number | PN- B-577987-990 |
| 035 ## - SYSTEM CONTROL NUMBER | |
| System control number | B-669950 |
| 037 ## - SOURCE OF ACQUISITION | |
| Source of stock number/acquisition | DBAD / PUB |
| 037 ## - SOURCE OF ACQUISITION | |
| Source of stock number/acquisition | Sahitya akademi |
| 037 ## - SOURCE OF ACQUISITION | |
| Source of stock number/acquisition | BPPD/Ven/KBD |
| 040 ## - CATALOGING SOURCE | |
| Original cataloging agency | dpl |
| Language of cataloging | pn |
| 082 ## - DEWEY DECIMAL CLASSIFICATION NUMBER | |
| Classification number | ਕ |
| 100 ## - MAIN ENTRY--PERSONAL NAME | |
| Personal name | ਰਾਏ,ਪ੍ਰਤਿਭਾ |
| 245 ## - TITLE STATEMENT | |
| Title | ਉਲੰਘਣ / |
| Statement of responsibility, etc | ਪ੍ਰਤਿਭਾ ਰਾਏ |
| 246 ## - VARYING FORM OF TITLE | |
| Title proper/short title | Ullanghan |
| Remainder of title | by Kandasami, S |
| 260 ## - PUBLICATION, DISTRIBUTION, ETC. (IMPRINT) | |
| Place of publication, distribution, etc | New delhi |
| Name of publisher, distributor, etc | Sahitya Prakashan |
| Date of publication, distribution, etc | 2014 |
| 270 ## - ADDRESS | |
| City | New Delhi |
| Address | 35, ਫ਼ਿਰੋਜ਼ਸ਼ਾਹ ਮਾਰਗ ਨਈ ਦਿੱਲੀ |
| Postal code | 110001 |
| 300 4# - PHYSICAL DESCRIPTION | |
| Extent | 308p. |
| Dimensions | 22ਸੇਂਮੀ (ਸਜਿਲੱਦ) |
| 942 ## - ADDED ENTRY ELEMENTS (KOHA) | |
| Source of classification or shelving scheme | Dewey Decimal Classification |
| Item type | Punjabi Bks |
| Classification part | ਕ |
| Call number suffix | ਪ੍ਰਤਿਭਾ |
| Withdrawn status | Lost status | Source of classification or shelving scheme | Damaged status | Not for loan | Collection code | Home library | Current library | Date acquired | Source of acquisition | Cost, normal purchase price | Total Checkouts | Full call number | Date last seen | Copy number | Cost, replacement price | Koha item type | Total Renewals | Barcode |
|---|---|---|---|---|---|---|---|---|---|---|---|---|---|---|---|---|---|---|
| Dewey Decimal Classification | Fiction | Ashok Vihar | Ashok Vihar | 30/01/2018 | BPPD/PUN/AV/2016-17/1179/7-3-17 | 140.00 | ਕ ਪ੍ਰਤਿਭਾ | 30/01/2018 | 1 | 140.00 | Punjabi Bks | B-669950 | ||||||
| Dewey Decimal Classification | Fiction | Central Library | Central Library | 10/09/2015 | BPPD/165/27-8-15/BL26/13-9-15/8-10-15 | 140.00 | 2 | ਕ ਪ੍ਰਤਿਭਾ | 03/12/2021 | 1 | 140.00 | Punjabi Bks | 1 | B-577987 | ||||
| Dewey Decimal Classification | Fiction | D.B.Act.Division | D.B.Act.Division | 29/08/2014 | DBAD | 140.00 | ਕ ਪ੍ਰਤਿ | 29/08/2014 | 1 | 140.00 | Punjabi Bks | |||||||
| Dewey Decimal Classification | Fiction | Janak Puri | Janak Puri | 10/09/2015 | BPPD/165/27-8-15/BL26/13-9-15/8-10-15 | 140.00 | ਕ ਪ੍ਰਤਿਭਾ | 10/09/2015 | 1 | 140.00 | Punjabi Bks | B-577989 | ||||||
| Dewey Decimal Classification | Fiction | Patel Nagar | Patel Nagar | 10/09/2015 | BPPD/165/27-8-15/BL26/13-9-15/8-10-15 | 140.00 | 1 | ਕ ਪ੍ਰਤਿਭਾ | 14/11/2018 | 1 | 140.00 | Punjabi Bks | B-577988 | |||||
| Dewey Decimal Classification | Fiction | Sarojini Nagar | Sarojini Nagar | 10/09/2015 | BPPD/165/27-8-15/BL26/13-9-15/8-10-15 | 140.00 | ਕ ਪ੍ਰਤਿਭਾ | 10/09/2015 | 1 | 140.00 | Punjabi Bks | B-577990 |
